000 01273nam a2200277 i 4500
001 166565
003 ES-MaACL
005 20250704063123.0
008 981002q18501860fr a |||| | fre d
040 _aGA
_bspa
_cCCPB | 3D
100 1 _aTouchard-Lafosse, Georges,
_d1780-1847
_9133349
245 1 0 _aChroniques de l'oeil-de-boeuf, des petits appartements de la cour et des salons de Paris sous Louis XIV, la Régence, Louis XV et Louis XVI /
_cpar G. Touchard-Lafosse.
250 _aNouvelle éd. augm. du régne de Louis XIII
_billustrée par Janet-Lange.
260 _aParis :
_bGustave Barba,
_c[s.a.] (
_fTyp. Henri Plon)
300 _a320, 328 p. :
_bil. ;
_c31 cm.
490 1 _aLe Panthéon populaire. 17ème série
596 _aGustave Barba y Henri Plon trabajan juntos entre 1850 y 1860.
597 _aTexto a dos col.
597 _a2 t. en 1 v.
600 0 7 _aLuis
_bXIII,
_cRey de Francia
_2
_9129133
600 0 4 _aLuis
_bXIV,
_cRey de Francia
_974697
650 4 _aCorte y cortesanos-
_zFrancia.
_9151835
830 0 _aLe Panthéon populaire. 17ème série
_9222559
852 _aES-MaACL
_jC-2266
_z- Enc. hol.
_z. - Legado de Modesto de la Fuente
_q- Falto de port.
_x- Edic.: la BLPC lo fecha ca. 1855-1864
999 _c166565
_d166565